| 000 | 00631nam a2200193 a 4500 | ||
|---|---|---|---|
| 005 | 20210219151241.0 | ||
| 008 | 991125s1976 mx 000 0 spa u | ||
| 035 | _aUPN01000030215 | ||
| 049 | _aSEP | ||
| 050 | 4 | _aTS1781 L5.3 | |
| 100 | 1 | _aLittlefield, Alice | |
| 245 | 1 | 3 |
_aLa industria de las hamacas en Yucatán, México : _bun estudio de antropología económica / _cAlice Littlefield ; tr. Antonieta S. de Hope |
| 260 |
_aMéxico : _bINI, _c1976 |
||
| 300 | _a231 p., [12] p. de láms. | ||
| 440 | 0 | _aInstituto Nacional Indigenista. Publicaciones | |
| 650 | 4 |
_aHAMACAS- _zYUCATAN |
|
| 904 |
_aAC _b030216 |
||
| 905 | _aLibro | ||
| 999 |
_c30215 _d30215 |
||